Estado, políticas públicas y pobreza crítica de Centroamérica Estado, políticas públicas y pobreza crítica urbana en el Área Metropolitana de Honduras. Informe final /
Gardado en:
| Autor Principal: | |
|---|---|
| Outros autores: | |
| Formato: | Texto |
| Idioma: | Spanish |
| Publicado: |
San José, Costa Rica:
Instituto Centroamericano de Administración Pública (ICAP)
1985
|
| Materias: | |
| Etiquetas: |
Engadir etiqueta
Sen Etiquetas, Sexa o primeiro en etiquetar este rexistro!
|
MARC
| LEADER | 00000 a a2200000 04500 | ||
|---|---|---|---|
| 001 | 21312 | ||
| 003 | cru CIDCACS/IIS | ||
| 005 | 20230918114821.0 | ||
| 008 | 220711b1985 cr ||||| |||| 00| 0 spa d | ||
| 040 | |c cru CIDCACS/IIS |a cru CIDCACS/IIS | ||
| 090 | |a 04.03.03 I59e | ||
| 100 | |a Baudrón Fuentes, Silvia | ||
| 245 | |a Estado, políticas públicas y pobreza crítica de Centroamérica |b Estado, políticas públicas y pobreza crítica urbana en el Área Metropolitana de Honduras. Informe final / |c Instituto Centroamericano de Administración Pública (ICAP) | ||
| 260 | |a San José, Costa Rica: |b Instituto Centroamericano de Administración Pública (ICAP) |c 1985 | ||
| 300 | |a 292 hojas + 110 hojas de anexos | ||
| 500 | |a Colección Centroamérica | ||
| 505 | |r Carlos Cordero d´aubuisson, Director CICAP |t Presentación | ||
| 650 | 0 | |2 Macrothesaurus de la OCDE |9 3784 |a POLITICAS PUBLICAS | |
| 650 | 0 | |9 482 |a ABSOLUTA POBREZA | |
| 650 | 0 | |9 865 |a POLITICA DE VIVIENDA | |
| 650 | 0 | |9 837 |a VIVIENDA URBANA | |
| 700 | |a Molina Chocano, Guillermo | ||
| 942 | |2 z |c LI |h 04.03.03 I59e |i 23616 |6 040303_I59E_23616 | ||
| 999 | |c 44376 |d 44376 | ||
